|
|
|
|
| LEADER |
01504njm a2200385 a 4500 |
| 001 |
001192298 |
| 003 |
CZ BrMZK |
| 005 |
20120227114043.0 |
| 007 |
sd fsngnnmmned |
| 008 |
120201p20111993xr rcn g d cze d |
| 024 |
3 |
|
|a 5099973067627
|
| 028 |
0 |
1 |
|a 730676-2
|b EMI
|
| 040 |
|
|
|a BOA001
|b cze
|
| 045 |
|
|
|a x9y0
|b y1y0
|
| 072 |
|
7 |
|a 784
|x Vokální hudba
|2 Konspekt
|9 9
|
| 080 |
|
|
|a 784.4
|2 MRF
|
| 080 |
|
|
|a (086.76)
|2 MRF
|
| 100 |
1 |
|
|a Landa, Daniel,
|d 1968-
|7 jn20000710404
|4 cmp
|4 lyr
|4 sng
|
| 245 |
1 |
0 |
|a Valčík
|h [zvukový záznam] /
|c Daniel Landa
|
| 260 |
|
|
|a Praha :
|b EMI,
|c p2011, p1993
|
| 300 |
|
|
|a 1 zvuková deska :
|b digital ;
|c 12 cm
|
| 500 |
|
|
|a Kompaktní deska
|
| 500 |
|
|
|a V pouzdře texty písní
|
| 500 |
|
|
|a Na pouzdře označení 1
|
| 505 |
0 |
0 |
|t Valčík --
|t Jó, ulice --
|t Krysař --
|t Půlnoční rock --
|t Ona --
|t Chlapeček z periferie --
|t Vlkodlakům --
|t Kytky pro tebe --
|t Čas odejít --
|t Přízraky --
|t Ktož jste boží bojovníci
|
| 511 |
0 |
|
|a Daniel Landa, zpěv ; Michal Prokeš, baskytara a další
|
| 518 |
|
|
|a Nahráno l.p. 1420 ve studiu Propast (léto)
|
| 650 |
0 |
7 |
|a rockové písně
|7 ph224439
|y 1991-2000
|2 czenas
|
| 650 |
0 |
7 |
|a rockové písně
|7 ph224439
|y 2011-2020
|2 czenas
|
| 655 |
|
7 |
|a kompaktní desky
|7 fd201991
|2 czenas
|
| 700 |
1 |
|
|a Kraft, Walter
|7 jx20050720025
|4 itr
|
| 910 |
2 |
|
|a BOA001
|b CDR-1276.865
|
| 990 |
|
|
|a AV
|
| 991 |
|
|
|b 201202
|
| 996 |
6 |
|
|b 2610501341
|c CDR-1276.865
|l MZK
|r Sklad / do 24 hodin
|n 0
|p p.v.
|w 001225979
|u 000010
|a 1
|e BOA001
|j MZK50
|s P
|